LEADER 05355nam 2200673 a 450 001 9910457951703321 005 20200520144314.0 010 $a1-283-31287-5 010 $a9786613312877 010 $a90-272-7673-0 035 $a(CKB)2550000000062887 035 $a(EBL)793538 035 $a(OCoLC)759101343 035 $a(SSID)ssj0000536286 035 $a(PQKBManifestationID)11344660 035 $a(PQKBTitleCode)TC0000536286 035 $a(PQKBWorkID)10547448 035 $a(PQKB)11562048 035 $a(MiAaPQ)EBC793538 035 $a(Au-PeEL)EBL793538 035 $a(CaPaEBR)ebr10508974 035 $a(EXLCZ)992550000000062887 100 $a19931206d1994 uy 0 101 0 $aeng 135 $aur|n|---||||| 181 $ctxt 182 $cc 183 $acr 200 10$aEnglish historical linguistics 1992$b[electronic resource] $epapers from the 7th International Conference on English Historical Linguistics, Valencia, 22-26 September 1992 /$fedited by Francisco Ferna?ndez, Miguel Fuster, Juan Jose? Calvo 210 $aAmsterdam ;$aPhiladelphia $cJ. Benjamins Pub. Co.$d1994 215 $a1 online resource (396 p.) 225 1 $aAmsterdam studies in the theory and history of linguistic science. Series IV, Current issues in linguistic theory,$x0304-0763 ;$vv. 113 300 $aDescription based upon print version of record. 311 $a90-272-3616-X 320 $aIncludes bibliographical references and indexes. 327 $aENGLISH HISTORICAL LINGUISTICS 1992; Editorial page; Title page; Copyright page; FOREWORD; Table of contents; 1. GENERAL ISSUES; LINGUISTICS, PHILOLOGY, CHICKENS ANDEGGS; CAN CATASTROPHE THEORY PROVIDE ADEQUATE EXPLANATIONS FOR LINGUISTIC CHANGE? An application to syntactic change in English; POSTDISCIPLINARY PHILOLOGY: CULTURALLY RELATIVISTIC PRAGMATICS; PREMISSES AND PERIODS IN A HISTORY OFENGLISH; LINGUISTIC REALITY OF MIDDLE ENGLISH; 2. PHONOLOGY AND WRITING; OLD ENGLISH STRESS: AMORPHOUS?; THE GREAT VOWEL SHIFT REVISITED 327 $aTOWARDS A STANDARD WRITTEN ENGLISH?Continuity and change in the orthographic usage of John Capgrave, O.S.A. (1393-1464)ON THE WRITING OF THE HISTORY OF STANDARD ENGLISH; 3. MORPHOLOGY AND SYNTAX; GRAMMATICAL CHOICES IN OLD AND EARLY MIDDLE ENGLISH: A choice between a simple verb, the prefix/particle-verbor verb-particle combination, and the ""auxiliary + infinitive"" construction in Old and early Middle English; SUBJECT EXTRACTION IN ENGLISH: THE USE OF THE THAT-COMPLEMENTIZER; THE MODALS AGAIN IN THE LIGHT OFHISTORICAL AND CROSS-LINGUISTICEVIDENCE 327 $aOE AND ME MULTIPLE NEGATION: SOME SYNTACTIC AND STYLISTIC REMARKSØ-RELATIVESWITH ANTECEDENT pÆT AND FREE RELATIVES IN OE AND ME; BE vs. HAVE WITH INTRANSITIVES IN EARLY MODERN ENGLISH; INFINITIVE MARKING IN EARLY MODERN ENGLISH; 4. LEXICOLOGY AND SEMANTICS; DOG- MAN'S BEST FRIEND: A STUDY IN HISTORICAL LEXICOLOGY; EMOTIONS IN THE ENGLISH LEXICON: A HISTORICAL STUDY OF A LEXICAL FIELD; THE SCANDINAVIAN ELEMENTS IN THE VOCABULARY OF THE PETERBOROUGH CHRONICLE; PRODUCTIVE OR NOT PRODUCTIVE? The Romance Element inMiddle English Derivation 327 $aREMARKS ON THE ORIGIN AND EVOLUTION OF ABBREVIATIONS AND ACRONYMS""...ASE ROSER WHEN HIT REDES"": Semantic shifts and cultural overtones in the Middle English colour lexicon; 5. VARIETIES OF ENGLISH AND STUDIES ON INDIVIDUAL TEXTS; PROTOTYPE CATEGORIES AND VARIATION STUDIES; WHAT DOES THE JUNGLE OF MIDDLE ENGLISH MANUSCRIPTS TELL US? On ME Words for 'Every' and 'Each' with Special Reference to their Many Variants; LADIES AND GENTLEMEN: The generalization of titles in Early Modern English; ON THE EVOLUTION OF SCIENTIFICWRITINGS FROM 1375 TO 1675: Repertoire of emotive features 327 $aMULTIPLE AUTHORSHIP OF THE OE OROSIUS""AFTER A COPYE UNTO ME DELYVERD"": Multiple negation in Malory's Morte Darthur; 6. INDEXES; INDEX NOMINUM; INDEX RERUM 330 $aThis volume brings together a selection of 28 out of the 76 papers read at ICHEL-7 in Valencia.The book opens with a general section, which Richard Hogg examines the relationship between linguistics and philology, Enrique Berna?rdez analyzes syntactic change from the point of view of catastrophe theory, Roger Sell suggests a pragmatic analysis of historical data, and Norman Blake and Jacek Fisiak re-open the debate on periodization in the history of English. The rest of the papers is grouped in four sections: Phonology and Writing, Morphology and Syntax, Lexicology and Semantics, and Varieties 410 0$aAmsterdam studies in the theory and history of linguistic science.$nSeries IV,$pCurrent issues in linguistic theory ;$vv. 113. 606 $aEnglish language$xHistory$vCongresses 606 $aEnglish language$xGrammar, Historical$vCongresses 608 $aElectronic books. 615 0$aEnglish language$xHistory 615 0$aEnglish language$xGrammar, Historical 676 $a420/.9 701 $aFerna?ndez$b Francisco$0388567 701 $aFuster$b Miguel$0173920 701 $aCalvo$b Juan Jose?$0411816 712 12$aInternational Conference on English Historical Linguistics 801 0$bMiAaPQ 801 1$bMiAaPQ 801 2$bMiAaPQ 906 $aBOOK 912 $a9910457951703321 996 $aEnglish historical linguistics 1992$92189729 997 $aUNINA LEADER 03171nam 22005893u 450 001 9910451783003321 005 20210218010359.0 010 $a1-78138-049-X 010 $a1-84631-285-X 010 $a1-4175-6810-0 035 $a(CKB)1000000000448729 035 $a(EBL)380578 035 $a(OCoLC)437241513 035 $a(SSID)ssj0000123158 035 $a(PQKBManifestationID)11157711 035 $a(PQKBTitleCode)TC0000123158 035 $a(PQKBWorkID)10005369 035 $a(PQKB)11674064 035 $a(StDuBDS)EDZ0001111432 035 $a(UkCbUP)CR9781846312854 035 $a(MiAaPQ)EBC380578 035 $a(EXLCZ)991000000000448729 100 $a20130418d2002|||| u|| | 101 0 $aeng 181 $ctxt 182 $cc 183 $acr 200 10$aClaude Simon$b[electronic resource] $eA Retrospective 210 1$aLiverpool :$cLiverpool University Press,$d2002. 215 $a1 online resource (240 p.) 225 1 $aLiverpool Science Fiction Texts 300 $aDescription based upon print version of record. 311 $a0-85323-857-X 320 $aIncludes bibliographical references. 327 $aTitle Page; Contents; Acknowledgments; Message from Claude Simon to the Participants at the Conference held in May 1999; Introduction: The Critical Reception of Claude Simon since the 1960's; 1: Thinking History Otherwise: Fiction and the Sites of Memory in Claude Simon; 2: (In)Commensurabilities: The Childhood of Events and the Shock of Encounter in Claude Simon; 3: Instant Replays: The Reintegration of Traumatic Experience in Le Jardin des Plantes; 4: The Dynamics of Conflict in the Novels of Claude Simon; 5: Satire, Burlesque and Comedy in Claude Simon 327 $a6: The Garden of Forking Paths: Intertextuality and Le Jardin des Plantes7: A partir du Jardin des Plantes: Claude Simon's Recapitulations; 8: Supplementary Organs: Media and Machinery in the Late Novels of Claude Simon; 9: One Step Further: Claude Simon's Photographies 1937-1970; 10: Truth, Verbiage and Ecriture in Le Jardin des Plantes; Bibliography; Notes on Contributors 330 $aThis collection of essays celebrates the work of the French Nobel prize-winning novelist Claude Simon. Scholars from France, Germany, the United States and the United Kingdom reconsider the fifty years of Simon's fiction in the light of his large-scale autobiographical novel Le Jardin des Plantes (1997). From a variety of perspectives - postmodernist, psychoanalytic, aesthetic - contributors reflect on the central paradox of Simon's work: his writing and rewriting of an experience of war so disruptive and traumatic that words can never be adequate to communicate it. The layers of artifice in... 410 0$aLiverpool Science Fiction Texts 606 $aSimon, Claude 608 $aElectronic books. 615 4$aSimon, Claude. 676 $a843.914 676 $a843/.914 700 $aDuffy$b Jean H$0970404 701 $aDuncan$b Alastair$038838 801 0$bAU-PeEL 801 1$bAU-PeEL 801 2$bAU-PeEL 906 $aBOOK 912 $a9910451783003321 996 $aClaude Simon$92205640 997 $aUNINA